Catálogo público

Entomología práctica : (Record no. 205045)

MARC details
000 -CABECERA
campo de control de longitud fija 00929nam a2200289Ia 4500
001 - NÚMERO DE CONTROL
campo de control Para_6314
003 - IDENTIFICADOR DEL NÚMERO DE CONTROL
campo de control CHAP
008 - DATOS DE LONGITUD FIJA--INFORMACIÓN GENERAL
campo de control de longitud fija 220125s1988 xx 000 0 und d
010 ## - NÚMERO DE CONTROL DE LA BIBLIOTECA DEL CONGRESO
Número de control de LC 205045
040 ## - FUENTE DE LA CATALOGACIÓN
Centro/agencia transcriptor CHAP
082 ## - NÚMERO DE LA CLASIFICACIÓN DECIMAL DEWEY
Número de clasificación PA 595.7 M6
100 ## - ENTRADA PRINCIPAL--NOMBRE DE PERSONA
Nombre de persona Morón, Miguel Angel
9 (RLIN) 170988
245 ## - MENCIÓN DE TÍTULO
Título Entomología práctica :
Resto del título una guía para el estudio de los insectos con importancia agropecuaría, médica, forestal y ecológica de México /
Mención de responsabilidad, etc. por Miguel Angel Morón y Roberto A. Terrón
260 ## - PUBLICACIÓN, DISTRIBUCIÓN, ETC.
Lugar de publicación, distribución, etc. México, D.F. :
Nombre del editor, distribuidor, etc. Instituto de Ecología
300 ## - DESCRIPCIÓN FÍSICA
Extensión 504 p.
650 ## - PUNTO DE ACCESO ADICIONAL DE MATERIA--TÉRMINO DE MATERIA
Término de materia o nombre geográfico como elemento de entrada Arboles
Subdivisión general plagas
9 (RLIN) 82440
650 ## - PUNTO DE ACCESO ADICIONAL DE MATERIA--TÉRMINO DE MATERIA
Término de materia o nombre geográfico como elemento de entrada Entomología sistemática
9 (RLIN) 37154
650 ## - PUNTO DE ACCESO ADICIONAL DE MATERIA--TÉRMINO DE MATERIA
Término de materia o nombre geográfico como elemento de entrada Parásitos
9 (RLIN) 85652
700 ## - PUNTO DE ACCESO ADICIONAL--NOMBRE DE PERSONA
Nombre de persona Terrón, Roberto A.
9 (RLIN) 112443
901 ## - ELEMENTOS DE DATOS A LOCAL LDA (RLIN)
a PA 595.7 M6
902 ## - ELEMENTOS DE DATOS B LOCAL, LDB (RLIN)
a A
905 ## - ELEMENTOS DE DATOS E LOCAL, LDE (RLIN)
a 0000001988 a 0000000000 00
910 ## - DATOS DE OPCIÓN DEL USUARIO (OCLC)
Datos de opción del usuario 1988
942 ## - ELEMENTOS DE PUNTO DE ACCESO ADICIONAL (KOHA)
Tipo de ítem Koha Parasitologia_
942 ## - ELEMENTOS DE PUNTO DE ACCESO ADICIONAL (KOHA)
Tipo de ítem Koha Parasitologia_
-- 1
Holdings
Estado de retiro Estado de pérdida Fuente del sistema de clasificación o colocación Estado dañado Restricciones de uso No para préstamo Código de colección Localización permanente Ubicación/localización actual Fecha de adquisición Número de inventario Total de préstamos Signatura topográfica completa Código de barras Fecha visto por última vez Número de copia Precio válido a partir de Tipo de ítem Koha Nota pública
    Dewey Decimal Classification   Préstamo interno   General Parasitologia Agricola Parasitologia Agricola 27/10/2005 (PA_ 3613) (No. UACh 163025)   PA 595.7 M6 4102001000 25/01/2022 Ej.1 25/01/2022 Libro 3